00849nam a22003017a 450000500170000000800410001702000180005804100080007608200180008410000250010210000230012724500910015026000100024126000130025126000090026430000180027365000240029165000190031565000210033465000150035565000280037065000210039865000210041965000280044065000210046865000300048965000280051920250404113422.0250404b2021 |||||||| |||| 00| 0 spa d a9783030522063 aING a617.693 C496a aChaughule, Ramesh S. aDashaputra, Rajesh aAdvances in dental implantology using nanomaterials and allied technology applications aIndia bSpringer c2021 a410 páginas aDENTAL IMPLANTOLOGY aNANOTECHNOLOGY aOSSEOINTEGRATION aMACROPHAGE aBACTERIAL PROLIFERATION aCOATINGS IMPLANT aDENTAL MATERIALS aBIORESORBABLE MATERIALS aNANOBIOMATERIALS aPROSTHETIC REHABILITATION aMAXILLOFACIAL PROTHESIS